| 000 | 00876nam a2200265Ia 4500 | ||
|---|---|---|---|
| 003 | OSt | ||
| 005 | 20220926020849.0 | ||
| 006 | a|||||r|||| 00| 0 | ||
| 007 | ta | ||
| 008 | 220923b |||||||| |||| 00| 0 eng d | ||
| 020 |
_a9780387724751 _c2736.0599999999999 |
||
| 037 |
_b27321, 19/03/2009, Segment Book Distrobutors _cGeneral Book |
||
| 040 |
_aRTL _cRTL _beng |
||
| 041 |
_2eng _aeng |
||
| 082 | _aB2, P9 | ||
| 100 |
_aKaniuth Eberhard _9325278 |
||
| 245 | 0 | _aCourse in commutative banach algebras | |
| 260 |
_aNew York _bSpringer Science+Business _c2009 |
||
| 300 |
_axii, 353p. _ccm. |
||
| 490 | _aGraduate Texts in Mathematics, 246 | ||
| 500 | _aBibliography: P 343-348; Appendix: P 319-342 | ||
| 650 | _aEconomics | ||
| 942 |
_hB2, P9 _cGB _2CC |
||
| 999 |
_c635138 _d635138 |
||